| 000 | 00568nam a2200217Ia 4500 | ||
|---|---|---|---|
| 003 | OSt | ||
| 005 | 20230608150726.0 | ||
| 008 | 210423s2004 xx 000 0 und d | ||
| 040 | _cAL | ||
| 082 |
_a361.1 PURT _223 |
||
| 100 |
_aPURUSHOTHAMA (G S) _9122722 |
||
| 245 | _aText book on social problems | ||
| 260 |
_aBangalore _bHimalaya Publishing House _c2004 |
||
| 300 |
_a258 _bPB |
||
| 365 |
_b125 _cINR |
||
| 440 | _v1 | ||
| 650 |
_aSocial Problems _9122723 |
||
| 650 |
_aSocial Problems & Services _9122724 |
||
| 906 | _aproblems ; social | ||
| 942 |
_2ddc _cBK |
||
| 999 |
_c174028 _d174028 |
||